000 00668nam a22001937a 4500
005 20220622095616.0
008 220616b ||||| |||| 00| 0 eng d
040 _cAL
041 _aEnglish
082 _223
_a954.04
_bNATN
100 _aNISTADS
_944376
245 _aNehru the Architect of Indian Science
260 _aNew Delhi
_bNational Institute of Science Technology and Development Studies
_c1989
300 _a62 p.
_bHB
_c21.5x29 cm.
650 _aNehru Jawaharlal 1889-1964
_943356
650 _aCouncil of Scientific and Industrial Research
_944377
700 _aNATIONAL INSTITUTE OF SCIENCE TECHNOLOGY AND DEVELOPMENT STUDIES
_944378
942 _2ddc
_cGF
999 _c223396
_d223396